Memorias de la guerra civil / [por] Cesar (G. Julio César) ; texto revisado y traducido por Sebastián Mariner Bigora

Guardado en:
Detalles Bibliográficos
Autor principal: Cesar (G. Julio César) (autor)
Formato: Libro
Colección:Hispánica de autores griegos y latinos
Temas:
Etiquetas: Agrega una etiqueta
Sin etiquetas, Sé el primero en etiquetar este registro!

MARC

LEADER 00000nam^a2200000^u^4500
001 000537020
005 20250521000000.0
008 060220s1000^^^^^^^^^^^^r^^^^^000^0^spa^d
009 20260310131049.853
035 |a FMI 000003056 
037 |a Acervo Xavier Clavigero 
096 |a 9.1.3/2/C 
100 |a Cesar (G. Julio César)  |e (autor) 
245 1 0 |a Memorias de la guerra civil / [por] Cesar (G. Julio César) ; texto revisado y traducido por Sebastián Mariner Bigora 
264 |a Barcelona : Alma Mater, 1959 
300 |a lxviii, 87 p. 
336 |a texto  |b txt  |2 rdacontenido 
337 |a sin mediación  |b n  |2 rdamedio 
338 |a volumen  |b nc  |2 rdasoporte 
440 0 |a Hispánica de autores griegos y latinos 
597 |a La Biblioteca posee: v.1. \ Edición bilingüe 
649 |a XX 
650 |a Clásicos greco-latinos 
910 |a Fondo Francisco Migoya Covarrubias S.J. 
920 |a Impresos - Libros 
930 |a Fondos Especiales 
905 |a 134 
901 |a SBC07439  |b IT2  |c ESP  |u 20250521 
902 |a https://opac.biblio.iteso.mx/vufind/Record/000537020